00770cam a22001937a 4500020002200000020002500022040000800047082002600055110005400081245012300135260007600258300003400334650002900368650002900397650002300426650000900449710006100458856005700519 a925105553X (pbk.) a9789251055533 (pbk.) cFQG a615 FOO 2006 A083 Or.2 aJoint FAO/WHO Expert Committee on Food Additives.10aResidue evaluation of certain veterinary drugs :bJoint FAO/WHO Expert Committee on Food Additives, 66th meeting 2006. aRome :bFood and Agriculture Organization of the United Nations,c2006. axii, 104 p. :bill. ;c30 cm. 0aVeterinary drug residues 0aVeterinary drug residues 0aFood contamination 0aFood2 aFood and Agriculture Organization of the United Nations.41uhttp://www.loc.gov/catdir/toc/fy0804/2007456869.html